Not square : (Record no. 22421)
[ view plain ]
| 000 -CABECERA | |
|---|---|
| campo de control de longitud fija | 00962nam a2200265 4500 |
| 003 - IDENTIFICADOR DEL NÚMERO DE CONTROL | |
| campo de control | OSt |
| 005 - FECHA Y HORA DE LA ÚLTIMA TRANSACCIÓN | |
| campo de control | 20260601193906.0 |
| 008 - DATOS DE LONGITUD FIJA--INFORMACIÓN GENERAL | |
| campo de control de longitud fija | 260520b2016 xxua|||| |||| 00| 0 eng d |
| 020 ## - NÚMERO INTERNACIONAL ESTÁNDAR DEL LIBRO | |
| Número Internacional Estándar del Libro | 9780914738374 |
| 040 ## - FUENTE DE LA CATALOGACIÓN | |
| Centro catalogador/agencia de origen | ICI |
| Lengua de catalogación | spa |
| Centro/agencia transcriptor | ICI |
| 041 ## - CÓDIGO DE LENGUA | |
| Código de lengua del texto/banda sonora o título independiente | eng |
| 050 ## - SIGNATURA TOPOGRÁFICA DE LA BIBLIOTECA DEL CONGRESO | |
| Número de clasificación | NA5235.D46 |
| Número de documento/Ítem | N68 2016 |
| 100 ## - ENTRADA PRINCIPAL--NOMBRE DE PERSONA | |
| Término indicativo de función/relación | autor |
| Nombre de persona | Heinrich, Christoph |
| 9 (RLIN) | 34576 |
| 245 #1 - MENCIÓN DE TÍTULO | |
| Título | Not square : |
| Resto del título | the Frederic C. Hamilton Building at the Denver Art Museum / |
| Mención de responsabilidad, etc. | Christoph Heinrich |
| 264 ## - PRODUCCIÓN, PUBLICACIÓN, DISTRIBUCIÓN, FABRICACIÓN Y COPYRIGHT | |
| Producción, publicación, distribución, fabricación y copyright | Denver, Colorado : |
| Nombre del de productor, editor, distribuidor, fabricante | Denver Art Museum, |
| Fecha de producción, publicación, distribución, fabricación o copyright | 2016 |
| 300 ## - DESCRIPCIÓN FÍSICA | |
| Extensión | 270 páginas : |
| Otras características físicas | ilustraciones |
| 336 ## - TIPO DE CONTENIDO | |
| Fuente | rdacontent |
| Término de tipo de contenido | texto |
| 337 ## - TIPO DE MEDIO | |
| Fuente | rdamedia |
| Nombre/término del tipo de medio | sin medio |
| 338 ## - TIPO DE SOPORTE | |
| Fuente | rdacarrier |
| Nombre/término del tipo de soporte | volumen |
| 500 ## - NOTA GENERAL | |
| Nota general | Obra dedicada a la arquitectura y diseño del Frederic C. Hamilton Building del Denver Art Museum. |
| 650 ## - PUNTO DE ACCESO ADICIONAL DE MATERIA--TÉRMINO DE MATERIA | |
| Término de materia o nombre geográfico como elemento de entrada | Arquitectura de museos |
| Subdivisión geográfica | Estados Unidos |
| 9 (RLIN) | 34577 |
| 650 ## - PUNTO DE ACCESO ADICIONAL DE MATERIA--TÉRMINO DE MATERIA | |
| Término de materia o nombre geográfico como elemento de entrada | Arquitectura contemporánea |
| Subdivisión geográfica | Estados Unidos |
| 9 (RLIN) | 34578 |
| 650 ## - PUNTO DE ACCESO ADICIONAL DE MATERIA--TÉRMINO DE MATERIA | |
| Término de materia o nombre geográfico como elemento de entrada | Museos de arte |
| Subdivisión geográfica | Colorado |
| 9 (RLIN) | 34579 |
| 942 ## - ELEMENTOS DE PUNTO DE ACCESO ADICIONAL (KOHA) | |
| Fuente del sistema de clasificación o colocación | Library of Congress Classification |
| Suprimir en OPAC | 1 |
| Tipo de ítem Koha | Libros |
| Estado de retiro | Estado de pérdida | Fuente del sistema de clasificación o colocación | Estado dañado | No para préstamo | Localización permanente | Ubicación/localización actual | Fecha de adquisición | Total de préstamos | Signatura topográfica completa | Código de barras | Fecha visto por última vez | Número de copia | Precio válido a partir de | Tipo de ítem Koha |
|---|---|---|---|---|---|---|---|---|---|---|---|---|---|---|
| El ejemplar forma parte de la colección y puede ser consultado según las políticas vigentes. | Library of Congress Classification | Biblioteca de Diseño Museo Franz Mayer | Biblioteca de Diseño Museo Franz Mayer | 20/05/2026 | NA5235.D46 N68 2016 | BDIMFM001226 | 20/05/2026 | Ej. 1 | 20/05/2026 | Libros |